Pro Sports Teams in Florida, Georgia - Statistics

General Stats
  • This quiz has been taken 72 times
  • The average score is 13 of 15
Answer Stats
League Team % Correct
NFL Miami Dolphins
100%
NBA Miami Heat
97%
NFL Tampa Bay Buccaneers
94%
NBA Orlando Magic
92%
MLB Tampa Bay Rays
92%
NFL Atlanta Falcons
91%
MLB Atlanta Braves
89%
NHL Florida Panthers
89%
MLB Miami Marlins
89%
NBA Atlanta Hawks
88%
NFL Jacksonville Jaguars
86%
NHL Tampa Bay Lightning
86%
MLS Inter Miami CF
57%
MLS Atlanta United FC
52%
MLS Orlando City SC
51%
No matching quizzes found
Score Distribution
Percent of People with Each Score
Percentile by Number Answered
Your Score History
You have not taken this quiz